logo

Bir Sreshtho Munshi Abdur Rouf Library
Jhenaidah Cadet College

হযরত খালিদ বিন ওয়ালিদ রা. -এর ১০০ ঘটনা / (Record no. 13183)

MARC details
000 -LEADER
fixed length control field 01117nam a2200265 a 4500
001 - CONTROL NUMBER
JCCL Control Number 13183
003 - CONTROL NUMBER IDENTIFIER
JCCL marc code BD-JhCC
005 - DATE AND TIME OF LATEST TRANSACTION
control field 20230723081040.0
008 - FIXED-LENGTH DATA ELEMENTS--GENERAL INFORMATION
fixed length control field 230720s 2020bg |||| |||| 000 0 eng d
020 ## - INTERNATIONAL STANDARD BOOK NUMBER
International Standard Book Number 9789849103370
035 ## - SYSTEM CONTROL NUMBER
system control number (BD-JhCC)13183
040 ## - CATALOGING SOURCE
Original cataloging agency BD-JhCC
Modifying agency BD-JhCC
041 ## - LANGUAGE CODE
Language code of Book ben
082 ## - DEWEY DECIMAL CLASSIFICATION NUMBER
Classification number 297.18
Author mark and Year ALM 2020
100 ## - MAIN ENTRY--PERSONAL NAME
Personal name আল মিনশাবি, শায়েখ সিদ্দিক
245 ## - TITLE STATEMENT
Title হযরত খালিদ বিন ওয়ালিদ রা. -এর ১০০ ঘটনা /
Statement of responsibility, etc শায়েখ সিদ্দিক আল মিনশাবি; মুফতি নাজিবুল্লাহ আশরাফ (অনু.)
260 ## - PUBLICATION, DISTRIBUTION, ETC. (IMPRINT)
Place of publication, distribution, etc ঢাকা :
Name of publisher, distributor, etc আনোয়ারা লাইব্রেরি,
Date of publication, distribution, etc ২০২০
300 ## - PHYSICAL DESCRIPTION
Pagination ১১২ পৃ. :
Dimensions ২১ সেমি.
490 ## - SERIES STATEMENT
Series statement শতো ঘটনা সিরিজ-১৪
600 ## - SUBJECT ADDED ENTRY--PERSONAL NAME
Personal name Hazrat Khaled Bin Walid Ra.
650 ## - SUBJECT ADDED ENTRY--TOPICAL TERM
Topical term or geographic name as entry element Muslim legend
650 ## - SUBJECT ADDED ENTRY--TOPICAL TERM
Topical term or geographic name as entry element juvenile literature
700 ## - ADDED ENTRY--PERSONAL NAME
Personal name আশরাফ, মুফতি নাজিবুল্লাহ
942 ## - ADDED ENTRY ELEMENTS (KOHA)
Source of classification or shelving scheme Dewey Decimal Classification
Koha item type Books
Holdings
Source of classification or shelving scheme Damaged status Not for loan Home library Current library Shelving location Date of accession Cost, normal purchase price Total Checkouts Full call number Barcode Date last seen Copy number Method of acquisition Koha item type Currency
Dewey Decimal Classification     JCC Rouf Library JCC Rouf Library General Stacks 06/23/2020 127.00   297.18 ALM 2020 18195 07/20/2023 C-1 Purchase Books BDT

JCC Library | Contacts | JCC Home

Last Update on 23 September 2017
Copyright @ 2017-2020 JCC Rouf Library
Rouf Library, Jhenidah Cadet College (JCC), Bangladesh